Art & industry in early America (Record no. 8794)

MARC details
000 -CABECERA
campo de control de longitud fija 01084nam a2200265 a 4500
001 - NÚMERO DE CONTROL
campo de control BRCA_9147
005 - FECHA Y HORA DE LA ÚLTIMA TRANSACCIÓN
campo de control 20190320210534.0
008 - DATOS DE LONGITUD FIJA--INFORMACIÓN GENERAL
campo de control de longitud fija 220618s2016----u--a######---#000-0#eng-#
020 ## - NÚMERO INTERNACIONAL ESTÁNDAR DEL LIBRO
Número Internacional Estándar del Libro 9780300217841
041 ## - CÓDIGO DE LENGUA
Código de lengua del texto/banda sonora o título independiente eng
044 ## - CÓDIGO DEL PAÍS DE LA ENTIDAD EDITORA/PRODUCTORA
Código MARC del país u
050 #4 - SIGNATURA TOPOGRÁFICA DE LA BIBLIOTECA DEL CONGRESO
Número de clasificación NK2435.R4
Número de documento/Ítem .K36 2016
100 1# - ENTRADA PRINCIPAL--NOMBRE DE PERSONA
Nombre de persona Kane, Patricia E.
9 (RLIN) 1780
245 10 - MENCIÓN DE TÍTULO
Título Art & industry in early America
Resto del título Rhode Island furniture, 1650-1830
Mención de responsabilidad, etc. Patricia E. Kane ; with Dennis Carr … [et al.].
260 ## - PUBLICACIÓN, DISTRIBUCIÓN, ETC.
Lugar de publicación, distribución, etc. New Haven, Connecticut
Nombre del editor, distribuidor, etc. Yale University Art Gallery
Fecha de publicación, distribución, etc. 2016
300 ## - DESCRIPCIÓN FÍSICA
Extensión xiii, 494 p.
Otras características físicas il. (algunas a color), mapas
Dimensiones 31 cm.
500 ## - NOTA GENERAL
Nota general Incluye índice alfabético
500 ## - NOTA GENERAL
Nota general Published in conjunction with the exhibition Art and Industry ..., organized by the Yale University Gallery, August 19, 2016 -January 8, 2017
500 ## - NOTA GENERAL
Nota general 2do. ejemplar en el Área de Investigación
504 ## - NOTA DE BIBLIOGRAFÍA, ETC.
Nota de bibliografía, etc. Bibliografía : p. 456-477
650 14 - PUNTO DE ACCESO ADICIONAL DE MATERIA--TÉRMINO DE MATERIA
Término de materia o nombre geográfico como elemento de entrada Muebles
Subdivisión de forma Exposiciones
Subdivisión geográfica Rhode Island
9 (RLIN) 22551
650 14 - PUNTO DE ACCESO ADICIONAL DE MATERIA--TÉRMINO DE MATERIA
Término de materia o nombre geográfico como elemento de entrada Mueble
Subdivisión de forma Exposiciones
Subdivisión general Historia
Subdivisión cronológica Siglo XVII-XIX
Subdivisión geográfica Rhode Island
9 (RLIN) 22552
700 1# - PUNTO DE ACCESO ADICIONAL--NOMBRE DE PERSONA
Nombre de persona Carr, Dennis
9 (RLIN) 19007
942 ## - ELEMENTOS DE PUNTO DE ACCESO ADICIONAL (KOHA)
Fuente del sistema de clasificación o colocación Library of Congress Classification
Tipo de ítem Koha Libros
Holdings
Estado de retiro Estado de pérdida Estado dañado No para préstamo Localización permanente Ubicación/localización actual Fecha de adquisición Total de préstamos Signatura topográfica completa Código de barras Fecha visto por última vez Precio válido a partir de Tipo de ítem Koha Código de colección
El ejemplar forma parte de la colección y puede ser consultado según las políticas vigentes.       Biblioteca del Museo Franz Mayer (Rogerio Casas-Alatriste) Biblioteca del Museo Franz Mayer (Rogerio Casas-Alatriste) 20/06/2018   NK2435.R4 .K36 2016 02979 22/03/2019 22/03/2019 Libros  
El ejemplar forma parte de la colección y puede ser consultado según las políticas vigentes.       Biblioteca del Museo Franz Mayer (Rogerio Casas-Alatriste) Biblioteca del Museo Franz Mayer (Rogerio Casas-Alatriste) 26/09/2018   NK2435.R4 .K36 2016 02996 22/03/2019 22/03/2019 Libros Acervo General